000 01105nam a2200325 i 4500
999 _c65209
_d65209
001 768714001
003 CO-MdFUSB
005 20191023113307.0
008 190912t2006 sp b|||| |||| 00| 0 spa d
020 _a9789584232281
040 _aCO-MdFUSB
_bspa
_cCO-MdFUSB
_dCO-MdFUSBC
_erda
041 _aspa
082 _223
_a333.72
_bM867s
100 _aMoro, Javier.
_eautor
245 _aSenderos de libertad.
_c/ Javier Moro
264 1 _aBarcelona, España :
_bSeix Barral,
_c[2006]
264 4 _c© 2006
300 _a575 páginas
_c; 23 cm
336 _2rdacontent
_atexto
_btxt
337 _2rdamedia
_asin mediación
_bn
338 _2rdacarrier
_avolumen
_bnc
505 _aA sangre y fuego (1942-1954). -- Sueños de libertad. (1968-1980). -- La guerra verde. (1979-1985). -- La ópera salvaje. (1985-1990). -- Epílogo. -- Lo que fue de estos personajes en 1994.
563 _aRústico
653 _aDeforestación -- Brasil.
653 _aSelva amazónica
653 _aConservación de bosques.
653 _aMedio ambiente -- Amazonia colombiana.
942 _cBK
945 _aJTF-925